Missing Word: Songs Turning Into Movies Quiz Stats

Quiz Updated Nov 23, 2013

Challenge
Share
Tweet
Embed
Score 0/40 Timer 04:00
0 Plays Today
Song Word % Correct
Hurts So ___Good
93.8%
Born to Be ___Wild
91.9%
She's ___Gone
89.3%
Take the Long Way ___Home
87.3%
Nothing Compares 2 ___U
86.1%
Cold as ___Ice
85.7%
Big Yellow ___Taxi
83.6%
Dream ___On
81.5%
Start Me ___Up
79.2%
Eight Miles ___High
78.3%
Free ___Bird
76.3%
Magic ___Man
75.8%
Sweet Little ___Sixteen
75.7%
Alive and ___Kicking
73.8%
Tears in ___Heaven
72.6%
Money for ___Nothing
68.7%
A Whiter Shade of ___Pale
68.3%
Glory ___Days
67%
Welcome to the ___Jungle
65.9%
Here Comes the ___Judge
65.2%
Song Word % Correct
All ___Star
63.7%
More Than a ___Feeling
57.3%
Cruel ___Summer
55.7%
Go Away Little ___Girl
55.7%
Sometimes When We ___Touch
55.5%
Fortunate ___Son
54.3%
Disco ___Duck
53.8%
Only the ___Lonely
53.4%
Year of the ___Cat
48%
Everyday ___People
43.8%
The Wind Cries ___Mary
43.1%
Don't Worry ___Baby
39.4%
In My ___House
38.3%
Hold Me ___Now
34.7%
White ___Rabbit
32.2%
Angel of the ___Morning
31.9%
Into the ___Mystic
28.6%
Off the ___Wall
25.6%
After ___Midnight
19.4%
Hey ___Joe
17.7%

Today's Daily Dose

You're not logged in!

Compare scores with friends on all Sporcle quizzes.
Sign Up with Email
OR
Log In

You Might Also Like...

Show Comments

Extras

Top Quizzes Today


Score Distribution

Your Account Isn't Verified!

In order to create a playlist on Sporcle, you need to verify the email address you used during registration. Go to your Sporcle Settings to finish the process.